000 00186nam a2200085Ia 4500
008 170620s9999 xx 000 0 und d
100 _aBare act
245 0 _aFamily court
260 _bAlia Law Agency
260 _c1984
999 _c28553
_d28553